| 000 | 00712nas a2200229 4500 | ||
|---|---|---|---|
| 001 | BR9501837 | ||
| 003 | BR-BrBNA | ||
| 005 | 20231205093943.0 | ||
| 007 | ta | ||
| 008 | 230509b bl.|||p| |||| 00| 00por d | ||
| 040 |
_aBR-BrBNA _bpor _cBiblioteca Nacional de Agricultura |
||
| 041 | _a(En) | ||
| 072 | _aL60 | ||
| 100 | 1 | _aVieira, J.P. | |
| 100 | 1 | _aMusick, J.A. | |
| 245 | 1 | _aLatitudinal patterns in diversity of fishes in warm-temperate and tropical estuarine waters of the Western Atlantic | |
| 650 | _aTainha | ||
| 650 | _aRio Grande do Sul | ||
| 773 | 0 |
_tAtlantica (Brazil) _xISSN 0102-1656 _g(1993), v. 15 p. 115-133 _wBR9501837 |
|
| 909 |
_a202311 _bLúcia _c55 _dLúcia Elande |
||
| 942 |
_2AGRIS _n0 _cANA |
||
| 999 |
_c141281 _d141281 |
||